Taylor Swift mystery lyrics #70 - Statistics

General Stats
  • This quiz has been taken 79 times
    58 since last reset
  • The average score is 157 of 207
Answer Stats
Answer % Correct
I
100%
a
98%
and
98%
And
98%
the
98%
The
98%
you
98%
You
98%
in
95%
is
95%
on
95%
do
93%
know
93%
my
93%
no
93%
I'll
90%
I'm
90%
love
90%
me
90%
of
90%
to
90%
when
90%
When
90%
for
88%
they
88%
want
88%
like
85%
that
85%
are
83%
I've
83%
just
83%
at
80%
been
80%
don't
80%
it's
80%
why
80%
as
78%
but
78%
can
78%
every
78%
never
78%
not
78%
one
78%
said
78%
all
75%
off
70%
out
68%
everything
65%
mirrorball
65%
still
65%
tonight
65%
around
63%
get
63%
near
63%
show
63%
try
63%
You'll
63%
Because
60%
down
60%
end
60%
looking
60%
version
60%
about
58%
heels
58%
highest
58%
tallest
58%
tightrope
58%
tiptoes
58%
laughing
55%
natural
55%
Shinin'
55%
yourself
55%
dear
53%
find
53%
keep
53%
tryin'
53%
beautiful
50%
circus
50%
clowns
50%
Spinnin'
50%
break
48%
floor
48%
Hush
48%
million
48%
pieces
48%
rodeo
48%
trapeze
48%
watch
48%
believer
45%
fit
45%
horses
45%
sent
45%
Shimmering
45%
called
43%
change
43%
home
43%
regulars
43%
disco
40%
glisten
40%
edges
35%
drunk
33%
burned
28%
masquerade
28%
revelers
28%
shattered
28%
No matching quizzes found
Score Distribution
Percent of People with Each Score
Percentile by Number Answered
Your Score History
You have not taken this quiz since the last reset